Normal view
MARC view
- Jathav,M.K, Saroj,P.L ,Sharma ,B. D
Entry Personal Name
001 - CONTROL NUMBER
- control field: 5024
003 - CONTROL NUMBER IDENTIFIER
- control field: OSt
005 - DATE AND TIME OF LATEST TRANSACTION
- control field: 20210914145149.0
008 - FIXED-LENGTH DATA ELEMENTS
- fixed length control field: 210914|| aca||aabn | a|a d
040 ## - CATALOGING SOURCE
- Original cataloging agency: OSt
- Transcribing agency: OSt
100 ## - HEADING--PERSONAL NAME
- Personal name: Jathav,M.K, Saroj,P.L ,Sharma ,B. D
670 ## - SOURCE DATA FOUND
- Source citation: Work cat.: (OSt): Dryland Horticulture, 2019
